000
00436nam a2200157Ia 4500
008
100122s9999 xx 000 0 und d
082
_b
68930
_a
823
100
_a
पेठे मेघना
245
_a
नातिचरामि
250
_a
3
260
_b
राजहंस प्रकाशन
_c
2006
300
_a
335
630
_a
नातिचरामि
730
_a
नातिचरामि
942
_c
BOOK
999
_c
440432
_d
440429